000 00519nam a22001817a 4500
005 20251112102820.0
008 251112b |||||||| |||| 00| 0 eng d
020 _a979-8-88715-015-4
050 _aSF 995 .T39 2023
_b1
100 _aTAYLOR, JACK SMITH
245 _aHANDBOOK OF POULTRY DISEASES
_bPOULTRY -DISEASES
250 _aFIRST ED.
260 _aDUBIN,OH
_b ORYSON PRESS
_c2023
300 _aVI,296P.:ILL.
500 _aINCLUDES INDEX
650 _aPOULTRY -DISEASES,VETERNARY MEDICINE
942 _2lcc
_cBK
999 _c216167
_d216167